[Event "WYCC Open U14"]
[Site "Porto Carras"]
[Date "2015.10.31"]
[Round "6.3"]
[White "Tabatabaei, M.Amin"]
[Black "Ioannidis, Evgenios"]
[Result "1-0"]
[BlackElo "2277"]
[WhiteElo "2488"]
[LiveChessVersion "1.4.6"]

1. e4 {[%clk 1:30:58]} c5 {[%clk 1:30:37]} 2. Nf3 {[%clk 1:31:21]} d6
{[%clk 1:30:52]} 3. d4 {[%clk 1:31:43]} cxd4 {[%clk 1:31:14]} 4. Nxd4
{[%clk 1:32:09]} Nf6 {[%clk 1:31:35]} 5. Nc3 {[%clk 1:32:34]} a6 {[%clk 1:31:41]}
6. Be3 {[%clk 1:32:54]} e5 {[%clk 1:30:37]} 7. Nb3 {[%clk 1:33:14]} Be6
{[%clk 1:30:21]} 8. f3 {[%clk 1:33:12]} Be7 {[%clk 1:26:45]} 9. Qd2
{[%clk 1:33:29]} h5 {[%clk 1:25:02]} 10. Nd5 {[%clk 1:33:35]} Bxd5
{[%clk 1:22:14]} 11. exd5 {[%clk 1:34:03]} Nbd7 {[%clk 1:21:02]} 12. O-O-O
{[%clk 1:32:23]} Qc7 {[%clk 1:18:23]} 13. Kb1 {[%clk 1:32:30]} O-O
{[%clk 0:58:07]} 14. Qf2 {[%clk 1:07:47]} Rac8 {[%clk 0:53:11]} 15. Rg1
{[%clk 1:06:56]} e4 {[%clk 0:51:35]} 16. c4 {[%clk 0:47:20]} Ne5 {[%clk 0:47:30]}
17. Rc1 {[%clk 0:47:34]} Qd7 {[%clk 0:40:16]} 18. Nd4 {[%clk 0:47:48]} Bd8
{[%clk 0:39:11]} 19. h3 {[%clk 0:44:14]} Bb6 {[%clk 0:28:14]} 20. f4
{[%clk 0:44:25]} Nd3 {[%clk 0:26:39]} 21. Bxd3 {[%clk 0:44:41]} exd3
{[%clk 0:27:01]} 22. Qd2 {[%clk 0:43:28]} Rfe8 {[%clk 0:16:35]} 23. Qxd3
{[%clk 0:43:28]} Re4 {[%clk 0:15:05]} 24. Rgf1 {[%clk 0:37:35]} Rce8
{[%clk 0:13:30]} 25. Bg1 {[%clk 0:38:02]} Bc5 {[%clk 0:12:23]} 26. f5
{[%clk 0:35:57]} Qc7 {[%clk 0:10:32]} 27. a3 {[%clk 0:27:45]} Qb6
{[%clk 0:09:38]} 28. Rcd1 {[%clk 0:27:58]} a5 {[%clk 0:09:35]} 29. Ka1
{[%clk 0:13:37]} a4 {[%clk 0:08:06]} 30. Nb5 {[%clk 0:13:07]} Bxg1
{[%clk 0:05:59]} 31. Rxg1 {[%clk 0:13:36]} Rc8 {[%clk 0:03:54]} 32. Nd4
{[%clk 0:09:59]} Qc5 {[%clk 0:04:16]} 33. Rge1 {[%clk 0:07:45]} Qxc4
{[%clk 0:02:11]} 34. Qxc4 {[%clk 0:08:00]} Rxc4 {[%clk 0:02:38]} 35. Nb5
{[%clk 0:08:18]} Rxe1 {[%clk 0:02:30]} 36. Rxe1 {[%clk 0:08:47]} Ne4
{[%clk 0:02:25]} 37. Ka2 {[%clk 0:06:18]} Rc5 {[%clk 0:01:34]} 38. Rxe4
{[%clk 0:05:19]} Rxb5 {[%clk 0:02:00]} 39. Rxa4 {[%clk 0:05:23]} Rxd5
{[%clk 0:02:27]} 40. Ra8+ {[%clk 0:35:11]} Kh7 {[%clk 0:32:55]} 41. Ra7
{[%clk 0:35:33]} Rb5 {[%clk 0:21:58]} 42. a4 {[%clk 0:12:24]} Rb6
{[%clk 0:20:54]} 43. Ra5 {[%clk 0:12:54]} Kh6 {[%clk 0:15:07]} 44. h4
{[%clk 0:10:31]} g5 {[%clk 0:08:22]} 45. fxg6 {[%clk 0:10:48]} fxg6
{[%clk 0:08:46]} 46. g3 {[%clk 0:06:19]} Kg7 {[%clk 0:08:07]} 47. Rg5
{[%clk 0:05:03]} Kf6 {[%clk 0:07:59]} 48. a5 {[%clk 0:03:45]} Rc6
{[%clk 0:07:32]} 49. b4 {[%clk 0:03:10]} Rc3 {[%clk 0:05:11]} 50. Kb2
{[%clk 0:03:09]} Re3 {[%clk 0:04:44]} 51. Rb5 {[%clk 0:03:05]} Re7
{[%clk 0:03:29]} 52. Kc3 {[%clk 0:02:48]} Ke6 {[%clk 0:02:36]} 53. Rg5
{[%clk 0:02:06]} Kd7 {[%clk 0:01:30]} 54. Rxg6 {[%clk 0:02:27]} Kc6
{[%clk 0:01:56]} 55. Rg5 {[%clk 0:02:11]} Re5 {[%clk 0:01:46]} 56. Rxe5
{[%clk 0:01:56]} dxe5 {[%clk 0:02:12]} 57. Kc4 {[%clk 0:02:20]} e4
{[%clk 0:02:34]} 58. b5+ {[%clk 0:02:47]} 1-0

[Event "WYCC Open U14"]
[Site "Porto Carras"]
[Date "2015.10.31"]
[Round "6.4"]
[White "Gholami, Aryan"]
[Black "Di Benedetto, Edoardo"]
[Result "1-0"]
[BlackElo "2238"]
[WhiteElo "2400"]
[LiveChessVersion "1.4.6"]

1. e4 {[%clk 1:30:51]} e6 {[%clk 1:30:53]} 2. d4 {[%clk 1:31:11]} d5
{[%clk 1:31:18]} 3. Nd2 {[%clk 1:31:26]} h6 {[%clk 1:31:42]} 4. c3
{[%clk 1:24:26]} c5 {[%clk 1:31:10]} 5. exd5 {[%clk 1:23:55]} exd5
{[%clk 1:31:12]} 6. Ngf3 {[%clk 1:23:21]} Nf6 {[%clk 1:30:48]} 7. Bb5+
{[%clk 1:23:19]} Bd7 {[%clk 1:15:11]} 8. Qe2+ {[%clk 1:17:38]} Qe7
{[%clk 1:09:25]} 9. Ne5 {[%clk 1:17:24]} a6 {[%clk 1:09:38]} 10. Bd3
{[%clk 1:08:28]} Nc6 {[%clk 1:08:31]} 11. Ndf3 {[%clk 1:05:58]} cxd4
{[%clk 1:04:18]} 12. O-O {[%clk 1:03:26]} Bg4 {[%clk 0:50:55]} 13. Nxg4
{[%clk 0:56:01]} Nxg4 {[%clk 0:50:38]} 14. Qd1 {[%clk 0:50:21]} Qc7
{[%clk 0:48:02]} 15. Bf5 {[%clk 0:43:45]} Nf6 {[%clk 0:46:44]} 16. Nxd4
{[%clk 0:43:39]} Be7 {[%clk 0:45:56]} 17. Be3 {[%clk 0:40:05]} O-O
{[%clk 0:45:07]} 18. Bc2 {[%clk 0:40:10]} Bd6 {[%clk 0:43:01]} 19. g3
{[%clk 0:37:53]} Nxd4 {[%clk 0:41:32]} 20. Qxd4 {[%clk 0:36:04]} Rfe8
{[%clk 0:33:14]} 21. Rad1 {[%clk 0:34:38]} Rad8 {[%clk 0:30:33]} 22. Rfe1
{[%clk 0:30:39]} b5 {[%clk 0:22:51]} 23. Bb3 {[%clk 0:23:33]} Be5
{[%clk 0:21:33]} 24. Qd3 {[%clk 0:23:09]} Qc8 {[%clk 0:19:01]} 25. Qf1
{[%clk 0:18:33]} Qf5 {[%clk 0:15:48]} 26. Qg2 {[%clk 0:18:12]} Bc7
{[%clk 0:14:50]} 27. Bd4 {[%clk 0:17:10]} Kf8 {[%clk 0:10:27]} 28. a4
{[%clk 0:15:49]} Rxe1+ {[%clk 0:09:34]} 29. Rxe1 {[%clk 0:16:18]} Re8
{[%clk 0:09:49]} 30. Rxe8+ {[%clk 0:15:46]} Kxe8 {[%clk 0:10:01]} 31. Qf1
{[%clk 0:12:43]} Qd7 {[%clk 0:07:52]} 32. Bc2 {[%clk 0:12:07]} Kf8
{[%clk 0:07:26]} 33. axb5 {[%clk 0:10:21]} Qxb5 {[%clk 0:07:05]} 34. Qxb5
{[%clk 0:09:39]} axb5 {[%clk 0:07:28]} 35. Bd3 {[%clk 0:09:48]} Ke7
{[%clk 0:07:09]} 36. Bxb5 {[%clk 0:10:11]} g6 {[%clk 0:07:22]} 37. Be2
{[%clk 0:07:20]} Nd7 {[%clk 0:07:08]} 38. Be3 {[%clk 0:03:52]} h5
{[%clk 0:06:48]} 39. f4 {[%clk 0:03:30]} Bb6 {[%clk 0:05:31]} 40. Kf2
{[%clk 0:33:50]} Kd6 {[%clk 0:33:57]} 41. Bb5 {[%clk 0:32:28]} Bxe3+
{[%clk 0:28:53]} 42. Kxe3 {[%clk 0:32:52]} Nc5 {[%clk 0:28:59]} 43. b4
{[%clk 0:29:30]} Ne6 {[%clk 0:28:07]} 44. Bd3 {[%clk 0:28:26]} Nd8
{[%clk 0:24:45]} 45. h4 {[%clk 0:22:02]} Nc6 {[%clk 0:22:35]} 46. f5
{[%clk 0:21:40]} gxf5 {[%clk 0:22:01]} 47. Bxf5 {[%clk 0:22:07]} d4+
{[%clk 0:22:21]} 48. cxd4 {[%clk 0:22:09]} Nxb4 {[%clk 0:22:43]} 49. Be4
{[%clk 0:22:32]} Ke6 {[%clk 0:20:20]} 50. Kf4 {[%clk 0:21:50]} f6
{[%clk 0:16:07]} 51. d5+ {[%clk 0:20:52]} Ke7 {[%clk 0:14:24]} 52. Kf5
{[%clk 0:20:51]} Na6 {[%clk 0:13:21]} 53. Bf3 {[%clk 0:19:50]} Nc7
{[%clk 0:13:27]} 54. Kg6 {[%clk 0:19:27]} Nb5 {[%clk 0:12:08]} 55. Bxh5
{[%clk 0:19:26]} Nd6 {[%clk 0:10:59]} 56. Bg4 {[%clk 0:18:40]} Ne4
{[%clk 0:10:03]} 57. h5 {[%clk 0:18:42]} Kf8 {[%clk 0:10:25]} 58. Be6
{[%clk 0:18:20]} Nxg3 {[%clk 0:04:27]} 59. h6 {[%clk 0:18:44]} Ne2
{[%clk 0:04:49]} 60. h7 {[%clk 0:19:07]} Nf4+ {[%clk 0:05:12]} 61. Kh6
{[%clk 0:19:19]} 1-0

[Event "WYCC Open U14"]
[Site "Porto Carras"]
[Date "2015.10.31"]
[Round "6.5"]
[White "Esipenko, Andrey"]
[Black "Chylewski, Patryk"]
[Result "1-0"]
[BlackElo "2161"]
[WhiteElo "2384"]
[LiveChessVersion "1.4.6"]

1. Nf3 {[%clk 1:30:53]} Nf6 {[%clk 1:30:55]} 2. c4 {[%clk 1:31:20]} g6
{[%clk 1:30:35]} 3. Nc3 {[%clk 1:31:43]} c5 {[%clk 1:28:09]} 4. d4
{[%clk 1:31:00]} cxd4 {[%clk 1:28:33]} 5. Nxd4 {[%clk 1:31:27]} Bg7
{[%clk 1:28:45]} 6. e4 {[%clk 1:31:36]} d6 {[%clk 1:29:09]} 7. Be2
{[%clk 1:31:24]} Nc6 {[%clk 1:28:44]} 8. Be3 {[%clk 1:31:16]} O-O
{[%clk 1:28:52]} 9. O-O {[%clk 1:30:50]} Nxd4 {[%clk 1:28:06]} 10. Bxd4
{[%clk 1:30:58]} Be6 {[%clk 1:28:28]} 11. Qd2 {[%clk 1:16:40]} Qa5
{[%clk 1:27:17]} 12. Rfd1 {[%clk 1:14:46]} Rfc8 {[%clk 1:26:15]} 13. b3
{[%clk 1:12:53]} a6 {[%clk 1:18:34]} 14. f3 {[%clk 1:05:07]} Nd7 {[%clk 1:10:08]}
15. Bxg7 {[%clk 0:58:12]} Kxg7 {[%clk 1:10:25]} 16. f4 {[%clk 0:51:21]} Nf6
{[%clk 1:01:50]} 17. Rf1 {[%clk 0:46:14]} b5 {[%clk 0:49:25]} 18. f5
{[%clk 0:38:17]} Bd7 {[%clk 0:48:10]} 19. g4 {[%clk 0:31:11]} bxc4
{[%clk 0:39:01]} 20. g5 {[%clk 0:29:09]} cxb3 {[%clk 0:30:09]} 21. gxf6+
{[%clk 0:27:09]} exf6 {[%clk 0:30:32]} 22. Rf3 {[%clk 0:19:33]} Rab8
{[%clk 0:19:57]} 23. Rh3 {[%clk 0:13:34]} g5 {[%clk 0:19:04]} 24. Qd4
{[%clk 0:11:51]} b2 {[%clk 0:10:37]} 25. Rb1 {[%clk 0:12:00]} Ba4
{[%clk 0:04:24]} 26. Kg2 {[%clk 0:06:12]} Bc2 {[%clk 0:03:44]} 27. Nd5
{[%clk 0:06:29]} Qd8 {[%clk 0:02:41]} 28. Nxf6 {[%clk 0:06:09]} Qxf6
{[%clk 0:02:21]} 29. Rxh7+ {[%clk 0:06:34]} Kxh7 {[%clk 0:02:44]} 30. Qxf6
{[%clk 0:06:54]} Bxe4+ {[%clk 0:02:15]} 31. Bf3 {[%clk 0:04:42]} Bxb1
{[%clk 0:02:07]} 32. Qxf7+ {[%clk 0:05:04]} Kh8 {[%clk 0:02:33]} 33. Qf6+
{[%clk 0:05:23]} Kh7 {[%clk 0:02:49]} 34. Qg6+ {[%clk 0:05:47]} Kh8
{[%clk 0:03:13]} 35. Qh6+ {[%clk 0:06:13]} 1-0

[Event "WYCC Open U14"]
[Site "Porto Carras"]
[Date "2015.10.31"]
[Round "6.6"]
[White "Erenberg, Ariel"]
[Black "Pultinevicius, Paulius"]
[Result "0-1"]
[BlackElo "2157"]
[WhiteElo "2366"]
[LiveChessVersion "1.4.6"]

1. Nf3 {[%clk 1:30:55]} Nf6 {[%clk 1:30:54]} 2. c4 {[%clk 1:31:12]} e6
{[%clk 1:31:22]} 3. Nc3 {[%clk 1:30:02]} c5 {[%clk 1:28:59]} 4. d4
{[%clk 1:30:00]} cxd4 {[%clk 1:29:24]} 5. Nxd4 {[%clk 1:30:21]} a6
{[%clk 1:28:46]} 6. a3 {[%clk 1:15:48]} Be7 {[%clk 1:27:29]} 7. e4
{[%clk 1:13:58]} d6 {[%clk 1:27:15]} 8. Be2 {[%clk 1:13:11]} O-O {[%clk 1:27:37]}
9. O-O {[%clk 1:12:22]} b6 {[%clk 1:23:49]} 10. Be3 {[%clk 1:07:59]} Bb7
{[%clk 1:22:51]} 11. f3 {[%clk 1:06:12]} Nbd7 {[%clk 1:21:47]} 12. Nb3
{[%clk 1:03:37]} Rc8 {[%clk 1:16:22]} 13. a4 {[%clk 0:53:31]} Ne5
{[%clk 0:58:46]} 14. a5 {[%clk 0:50:05]} Nfd7 {[%clk 0:51:07]} 15. Ra4
{[%clk 0:27:47]} Nc5 {[%clk 0:45:03]} 16. Ra2 {[%clk 0:27:25]} Qc7
{[%clk 0:41:10]} 17. axb6 {[%clk 0:21:46]} Qxb6 {[%clk 0:41:27]} 18. Na5
{[%clk 0:21:58]} Nc6 {[%clk 0:38:13]} 19. Nxc6 {[%clk 0:19:49]} Bxc6
{[%clk 0:38:19]} 20. Qd2 {[%clk 0:17:30]} a5 {[%clk 0:32:45]} 21. Nb5
{[%clk 0:14:07]} Bxb5 {[%clk 0:32:30]} 22. cxb5 {[%clk 0:14:34]} Bd8
{[%clk 0:32:43]} 23. Rfa1 {[%clk 0:08:41]} Qb8 {[%clk 0:30:04]} 24. Rd1
{[%clk 0:08:06]} Bc7 {[%clk 0:29:20]} 25. Kh1 {[%clk 0:07:16]} Rfd8
{[%clk 0:29:02]} 26. b4 {[%clk 0:06:40]} axb4 {[%clk 0:29:13]} 27. Qxb4
{[%clk 0:07:08]} Bb6 {[%clk 0:28:29]} 28. Bg5 {[%clk 0:07:00]} Rd7
{[%clk 0:28:41]} 29. Be3 {[%clk 0:05:03]} Nd3 {[%clk 0:21:18]} 30. Qd2
{[%clk 0:03:37]} Nf2+ {[%clk 0:21:38]} 31. Bxf2 {[%clk 0:04:02]} Bxf2
{[%clk 0:22:06]} 32. Bf1 {[%clk 0:02:34]} Bc5 {[%clk 0:22:13]} 33. f4
{[%clk 0:02:25]} Qb7 {[%clk 0:18:50]} 34. Bd3 {[%clk 0:02:31]} Bd4
{[%clk 0:13:00]} 35. Qe2 {[%clk 0:02:10]} Bf6 {[%clk 0:09:27]} 36. h3
{[%clk 0:01:48]} e5 {[%clk 0:07:34]} 37. f5 {[%clk 0:01:53]} d5 {[%clk 0:07:37]}
38. exd5 {[%clk 0:01:17]} Rxd5 {[%clk 0:07:57]} 39. Rb1 {[%clk 0:01:05]} Rdc5
{[%clk 0:04:40]} 40. Be4 {[%clk 0:30:51]} Qb6 {[%clk 0:34:14]} 41. Qf1
{[%clk 0:26:35]} Bg5 {[%clk 0:27:20]} 42. Ra6 {[%clk 0:20:37]} Qb8
{[%clk 0:23:57]} 43. Bc6 {[%clk 0:13:54]} e4 {[%clk 0:23:41]} 44. Qg1
{[%clk 0:07:04]} e3 {[%clk 0:22:22]} 45. Ra8 {[%clk 0:04:24]} Qc7
{[%clk 0:17:47]} 46. Ra2 {[%clk 0:04:10]} Rxf5 {[%clk 0:16:27]} 47. Rba1
{[%clk 0:04:02]} Re5 {[%clk 0:12:43]} 48. Ra7 {[%clk 0:02:24]} Qd6
{[%clk 0:08:38]} 49. Rd7 {[%clk 0:02:22]} Qe6 {[%clk 0:09:00]} 50. Qe1
{[%clk 0:01:23]} e2 {[%clk 0:09:08]} 51. Kh2 {[%clk 0:01:19]} Bf4+
{[%clk 0:08:03]} 52. Kh1 {[%clk 0:01:15]} Re3 {[%clk 0:08:01]} 53. Rd4
{[%clk 0:00:52]} Rxh3+ {[%clk 0:08:00]} 54. Kg1 {[%clk 0:01:11]} Be3+
{[%clk 0:08:26]} 0-1

[Event "WYCC Open U14"]
[Site "Porto Carras"]
[Date "2015.10.31"]
[Round "6.7"]
[White "Kozak, Adam"]
[Black "Kandil, Adham"]
[Result "1/2-1/2"]
[BlackElo "2231"]
[WhiteElo "2349"]
[LiveChessVersion "1.4.6"]

1. d4 {[%clk 1:30:54]} Nf6 {[%clk 1:30:50]} 2. c4 {[%clk 1:31:11]} g6
{[%clk 1:31:14]} 3. Nc3 {[%clk 1:31:26]} d5 {[%clk 1:31:32]} 4. Bg5
{[%clk 1:30:52]} Ne4 {[%clk 1:31:53]} 5. Bh4 {[%clk 1:31:02]} Nxc3
{[%clk 1:32:17]} 6. bxc3 {[%clk 1:31:05]} dxc4 {[%clk 1:32:31]} 7. e3
{[%clk 1:30:10]} Be6 {[%clk 1:32:36]} 8. Nf3 {[%clk 1:28:54]} Bg7
{[%clk 1:32:03]} 9. Rb1 {[%clk 1:28:24]} b6 {[%clk 1:32:26]} 10. Be2
{[%clk 1:28:07]} O-O {[%clk 1:31:48]} 11. O-O {[%clk 1:28:26]} c6
{[%clk 1:31:13]} 12. a4 {[%clk 1:26:51]} a6 {[%clk 1:31:32]} 13. Ng5
{[%clk 1:24:57]} Bd5 {[%clk 1:27:24]} 14. e4 {[%clk 1:25:18]} h6 {[%clk 1:27:50]}
15. exd5 {[%clk 1:25:41]} hxg5 {[%clk 1:28:16]} 16. Bxg5 {[%clk 1:26:01]} cxd5
{[%clk 1:25:50]} 17. h4 {[%clk 1:26:25]} Qd6 {[%clk 1:23:55]} 18. h5
{[%clk 1:24:28]} Nd7 {[%clk 1:21:42]} 19. Bf3 {[%clk 1:05:18]} Nf6
{[%clk 1:09:08]} 20. Bxf6 {[%clk 0:43:04]} Bxf6 {[%clk 1:09:04]} 21. Re1
{[%clk 0:35:24]} Kg7 {[%clk 1:04:14]} 22. hxg6 {[%clk 0:33:21]} fxg6
{[%clk 1:04:20]} 23. Qe2 {[%clk 0:31:47]} Rab8 {[%clk 1:03:18]} 24. Qe6
{[%clk 0:23:31]} Rfd8 {[%clk 1:03:21]} 25. Rb4 {[%clk 0:17:33]} Qxe6
{[%clk 0:50:04]} 26. Rxe6 {[%clk 0:17:52]} Kf7 {[%clk 0:49:44]} 27. Rbxb6
{[%clk 0:13:18]} Rxb6 {[%clk 0:50:09]} 28. Rxb6 {[%clk 0:13:29]} e5
{[%clk 0:50:36]} 29. Rxa6 {[%clk 0:07:43]} exd4 {[%clk 0:51:01]} 30. cxd4
{[%clk 0:07:13]} Bxd4 {[%clk 0:50:56]} 31. Rc6 {[%clk 0:07:21]} Bc3
{[%clk 0:48:00]} 32. Kf1 {[%clk 0:05:31]} g5 {[%clk 0:43:31]} 33. g3
{[%clk 0:03:49]} Bb4 {[%clk 0:42:45]} 34. Rb6 {[%clk 0:02:57]} Bc3
{[%clk 0:38:53]} 35. Rc6 {[%clk 0:03:24]} Rd7 {[%clk 0:38:10]} 36. Bh5+
{[%clk 0:00:35]} Ke7 {[%clk 0:36:39]} 37. Bg4 {[%clk 0:00:35]} Ra7
{[%clk 0:36:04]} 38. Be6 {[%clk 0:00:33]} Ra5 {[%clk 0:35:23]} 39. Ke2
{[%clk 0:00:37]} Be5 {[%clk 0:28:31]} 40. Bg8 {[%clk 0:30:35]} Bd4
{[%clk 0:56:14]} 41. Be6 {[%clk 0:20:16]} c3 {[%clk 0:54:34]} 42. f4
{[%clk 0:19:07]} g4 {[%clk 0:53:12]} 43. Kd3 {[%clk 0:15:29]} Bf2
{[%clk 0:53:09]} 44. Bxg4 {[%clk 0:14:14]} Bxg3 {[%clk 0:52:50]} 45. Rxc3
{[%clk 0:10:57]} Bxf4 {[%clk 0:53:09]} 46. Ra3 {[%clk 0:07:49]} Kd6
{[%clk 0:53:02]} 47. Ra2 {[%clk 0:07:48]} Be5 {[%clk 0:53:17]} 1/2-1/2

[Event "WYCC Open U14"]
[Site "Porto Carras"]
[Date "2015.10.31"]
[Round "6.8"]
[White "Zarubitski, Viachaslau"]
[Black "Drori, Saar"]
[Result "1-0"]
[BlackElo "2156"]
[WhiteElo "2310"]
[LiveChessVersion "1.4.6"]

1. e4 {[%clk 1:30:58]} c5 {[%clk 1:30:54]} 2. Nf3 {[%clk 1:31:23]} d6
{[%clk 1:31:19]} 3. d4 {[%clk 1:31:49]} cxd4 {[%clk 1:31:44]} 4. Nxd4
{[%clk 1:32:03]} Nf6 {[%clk 1:32:07]} 5. Nc3 {[%clk 1:32:27]} a6 {[%clk 1:32:31]}
6. Be3 {[%clk 1:32:52]} e5 {[%clk 1:32:45]} 7. Nb3 {[%clk 1:33:17]} Be6
{[%clk 1:33:06]} 8. Qd2 {[%clk 1:32:59]} Be7 {[%clk 1:33:00]} 9. O-O-O
{[%clk 1:33:22]} O-O {[%clk 1:31:47]} 10. f4 {[%clk 1:33:46]} b5 {[%clk 1:26:30]}
11. f5 {[%clk 1:34:09]} Bc4 {[%clk 1:25:14]} 12. g4 {[%clk 1:34:36]} Nxg4
{[%clk 1:19:17]} 13. Rg1 {[%clk 1:35:05]} Nxe3 {[%clk 1:19:29]} 14. Qxe3
{[%clk 1:35:35]} Nd7 {[%clk 1:12:51]} 15. Qh6 {[%clk 1:31:24]} Bf6
{[%clk 1:02:24]} 16. Rxd6 {[%clk 1:23:22]} Kh8 {[%clk 0:53:32]} 17. Qd2
{[%clk 1:18:12]} Bxb3 {[%clk 0:52:43]} 18. Rxd7 {[%clk 1:12:24]} Qb6
{[%clk 0:52:52]} 19. Rg3 {[%clk 1:04:20]} b4 {[%clk 0:45:10]} 20. cxb3
{[%clk 0:52:01]} bxc3 {[%clk 0:45:25]} 21. bxc3 {[%clk 0:52:20]} Rad8
{[%clk 0:41:13]} 22. Rxd8 {[%clk 0:48:24]} Rxd8 {[%clk 0:41:10]} 23. Rd3
{[%clk 0:48:51]} Rc8 {[%clk 0:36:43]} 24. Kb2 {[%clk 0:43:43]} a5
{[%clk 0:32:26]} 25. Rd5 {[%clk 0:40:59]} h6 {[%clk 0:30:10]} 26. a4
{[%clk 0:38:31]} Bg5 {[%clk 0:28:24]} 27. Qc2 {[%clk 0:34:52]} Bf4
{[%clk 0:26:20]} 28. Bc4 {[%clk 0:32:05]} Qa7 {[%clk 0:19:46]} 29. h3
{[%clk 0:26:51]} Qb6 {[%clk 0:19:29]} 30. Rb5 {[%clk 0:26:32]} Qa7
{[%clk 0:19:48]} 31. Bd5 {[%clk 0:26:36]} Rc7 {[%clk 0:19:46]} 32. Bc4
{[%clk 0:25:39]} Rc8 {[%clk 0:20:03]} 33. Rd5 {[%clk 0:25:31]} Qb6
{[%clk 0:20:12]} 34. Ka2 {[%clk 0:23:25]} Qa7 {[%clk 0:19:06]} 35. h4
{[%clk 0:21:16]} Qe7 {[%clk 0:16:30]} 36. Rxa5 {[%clk 0:19:22]} Qxh4
{[%clk 0:16:43]} 37. Rd5 {[%clk 0:18:59]} Qe7 {[%clk 0:14:52]} 38. a5
{[%clk 0:16:40]} Qc7 {[%clk 0:14:16]} 39. a6 {[%clk 0:15:46]} Qb6
{[%clk 0:13:48]} 40. Qe2 {[%clk 0:44:51]} Bc1 {[%clk 0:40:56]} 41. b4
{[%clk 0:41:10]} Be3 {[%clk 0:39:03]} 42. Kb3 {[%clk 0:38:16]} Bc5
{[%clk 0:38:47]} 43. Rxc5 {[%clk 0:38:29]} Rxc5 44. Qe3 1-0

[Event "WYCC Open U14"]
[Site "Porto Carras"]
[Date "2015.10.31"]
[Round "6.9"]
[White "Ileana, George"]
[Black "Fakhrutdinov, Timur"]
[Result "0-1"]
[BlackElo "2305"]
[WhiteElo "2133"]
[LiveChessVersion "1.4.6"]

1. e4 {[%clk 1:30:58]} c5 {[%clk 1:30:45]} 2. c3 {[%clk 1:31:24]} d5
{[%clk 1:31:05]} 3. exd5 {[%clk 1:31:51]} Qxd5 {[%clk 1:31:31]} 4. d4
{[%clk 1:32:15]} Nf6 {[%clk 1:31:58]} 5. Nf3 {[%clk 1:32:41]} e6 {[%clk 1:32:14]}
6. Bd3 {[%clk 1:32:24]} Nc6 {[%clk 1:22:24]} 7. O-O {[%clk 1:32:23]} Be7
{[%clk 1:12:14]} 8. Be3 {[%clk 1:32:47]} cxd4 {[%clk 1:11:06]} 9. cxd4
{[%clk 1:33:10]} O-O {[%clk 1:10:05]} 10. Nc3 {[%clk 1:33:36]} Qd8
{[%clk 1:07:21]} 11. a3 {[%clk 1:33:59]} b6 {[%clk 1:04:47]} 12. Qe2
{[%clk 1:34:20]} Bb7 {[%clk 1:02:42]} 13. Rfd1 {[%clk 1:34:40]} Rc8
{[%clk 1:00:51]} 14. Rac1 {[%clk 1:35:01]} h6 {[%clk 0:51:04]} 15. Rc2
{[%clk 1:30:31]} Bd6 {[%clk 0:45:32]} 16. Rdc1 {[%clk 1:24:21]} Ne7
{[%clk 0:41:21]} 17. Ba6 {[%clk 1:21:50]} Bxa6 {[%clk 0:32:40]} 18. Qxa6
{[%clk 1:22:12]} Bb8 {[%clk 0:32:48]} 19. Nb5 {[%clk 1:12:23]} Qd7
{[%clk 0:30:13]} 20. Bd2 {[%clk 1:08:39]} Rxc2 {[%clk 0:23:51]} 21. Rxc2
{[%clk 1:09:03]} Nfd5 {[%clk 0:19:16]} 22. Rc4 {[%clk 0:58:09]} Rd8
{[%clk 0:15:33]} 23. Qa4 {[%clk 0:54:10]} Qb7 {[%clk 0:14:31]} 24. Qb3
{[%clk 0:51:23]} a6 {[%clk 0:11:06]} 25. Nc3 {[%clk 0:51:47]} b5 {[%clk 0:10:28]}
26. a4 {[%clk 0:49:35]} Nb6 {[%clk 0:10:06]} 27. Rc5 {[%clk 0:48:23]} Nd7
{[%clk 0:09:17]} 28. Rh5 {[%clk 0:45:33]} Nf6 {[%clk 0:09:23]} 29. Rh3
{[%clk 0:45:46]} b4 {[%clk 0:09:20]} 30. Ne2 {[%clk 0:45:25]} a5 {[%clk 0:06:02]}
31. Nf4 {[%clk 0:40:35]} Bxf4 {[%clk 0:04:55]} 32. Bxf4 {[%clk 0:40:59]} Qe4
{[%clk 0:05:13]} 33. g3 {[%clk 0:33:18]} Rc8 {[%clk 0:03:41]} 34. Bd2
{[%clk 0:29:25]} Nf5 {[%clk 0:03:59]} 35. Qd1 {[%clk 0:26:35]} Rc2
{[%clk 0:02:03]} 36. b3 {[%clk 0:25:48]} Rb2 {[%clk 0:01:35]} 37. Kg2
{[%clk 0:25:42]} Ng4 {[%clk 0:00:42]} 38. Qc1 {[%clk 0:25:19]} Rc2
{[%clk 0:01:04]} 39. Qe1 {[%clk 0:25:27]} Qd5 {[%clk 0:01:05]} 40. Rh5
{[%clk 0:55:27]} Nf6 {[%clk 0:30:56]} 0-1

[Event "WYCC Open U14"]
[Site "Porto Carras"]
[Date "2015.10.31"]
[Round "6.10"]
[White "Ivannikau, Maksim"]
[Black "Nguyen, Thai Dai Van"]
[Result "0-1"]
[BlackElo "2409"]
[WhiteElo "2176"]
[LiveChessVersion "1.4.6"]

1. Nf3 {[%clk 1:30:56]} c5 {[%clk 1:30:42]} 2. b3 {[%clk 1:29:01]} Nc6
{[%clk 1:29:34]} 3. Bb2 {[%clk 1:29:21]} d6 {[%clk 1:25:13]} 4. e4
{[%clk 1:16:31]} e5 {[%clk 1:20:52]} 5. Nc3 {[%clk 1:12:28]} Nf6 {[%clk 1:20:05]}
6. g3 {[%clk 1:11:34]} Be7 {[%clk 1:19:07]} 7. Bg2 {[%clk 1:11:59]} O-O
{[%clk 1:18:06]} 8. d3 {[%clk 1:09:56]} Be6 {[%clk 1:11:08]} 9. h3
{[%clk 1:08:02]} h6 {[%clk 1:10:13]} 10. Ne2 {[%clk 1:04:42]} b5 {[%clk 1:04:59]}
11. c4 bxc4 {[%clk 0:51:17]} 12. bxc4 {[%clk 0:46:25]} Rb8 {[%clk 0:51:42]} 13.
Bc3 {[%clk 0:46:30]} Nd4 {[%clk 0:51:28]} 14. g4 {[%clk 0:24:50]} h5
{[%clk 0:36:51]} 15. Ng5 {[%clk 0:22:36]} hxg4 {[%clk 0:26:25]} 16. Nxd4
{[%clk 0:17:19]} cxd4 {[%clk 0:25:51]} 17. Nxe6 {[%clk 0:17:31]} fxe6
{[%clk 0:25:50]} 18. Bd2 {[%clk 0:17:55]} Nh7 {[%clk 0:24:48]} 19. Qxg4
{[%clk 0:16:49]} Bg5 {[%clk 0:24:01]} 20. Rd1 {[%clk 0:11:09]} Bxd2+
{[%clk 0:23:37]} 21. Rxd2 {[%clk 0:11:31]} Qa5 {[%clk 0:23:49]} 22. Ke2
{[%clk 0:07:04]} Rxf2+ {[%clk 0:23:08]} 23. Kxf2 {[%clk 0:07:32]} Qxd2+
{[%clk 0:23:32]} 24. Qe2 {[%clk 0:06:56]} Rb2 {[%clk 0:22:38]} 25. Qxd2
{[%clk 0:06:44]} Rxd2+ {[%clk 0:23:03]} 26. Kg3 {[%clk 0:06:48]} Rxd3+
{[%clk 0:23:20]} 27. Kh4 {[%clk 0:06:40]} g5+ {[%clk 0:23:00]} 28. Kg4 Kg7
{[%clk 0:23:15]} 29. Bf1 {[%clk 0:06:34]} Re3 0-1